English Counties Bordering the North Sea - North to South - Statistics

General Stats
  • This quiz has been taken 11 times
  • The average score is 8 of 10
Answer Stats
Answer % Correct
Northumberland
100%
Tyne and Wear
90%
East Yorkshire
80%
Essex
80%
Kent
80%
Lincolnshire
80%
Norfolk
80%
North Yorkshire
80%
Suffolk
80%
County Durham
70%
No matching quizzes found
Score Distribution
Percent of People with Each Score
Percentile by Number Answered
Your Score History
You have not taken this quiz